000 00607nam a22002177a 4500
003 UA-OsUOA
001 40040
007 ta
008 20060711b un ||||| |||| 00| 0 ukr d
100 _aДалмайр Ф.
090 _a101
_bД15
942 _cSA
040 _aUA-OsUOA
_brus
_cUA-OsUOA
_dUA-OsUOA
245 _aПрекрасная свобода: Шиллер об "эстетическом воспитании" человечества
300 _aС.138-156
955 _a0
041 _arus
080 _a101
773 0 _w40037
650 7 _a1 Філософські науки
_2UDC
999 _c326186
_d326186